书目信息 |
| 题名: |
埃及故事
|
|
| 作者: | 杨凯 编著 | |
| 分册: | ||
| 出版信息: | 太原 山西教育出版社 2015 |
|
| 页数: | 217页 | |
| 开本: | 22cm | |
| 丛书名: | ||
| 单 册: | ||
| 中图分类: | K411.09 | |
| 科图分类: | ||
| 主题词: | ||
| 电子资源: | ||
| ISBN: | 978-7-5440-7666-1 | |
| 000 | 00735nam0 2200229 450 | |
| 001 | 3345 | |
| 005 | 20180527151510.50 | |
| 010 | @a978-7-5440-7666-1@dCNY18.00 | |
| 100 | @a20160109d2015 em y0chiy50 ea | |
| 101 | 0 | @achi |
| 102 | @aCN@b140000 | |
| 105 | @ay z 000yy | |
| 200 | 1 | @a埃及故事@9ai ji gu shi@f杨凯编著 |
| 210 | @a太原@c山西教育出版社@d2015 | |
| 215 | @a217页@d22cm | |
| 300 | @a历史圈·国家系列 | |
| 330 | @a本书“故事汇”形式梳理埃及往事,探析其中纷繁奥秘。内容包括:古埃及文明的起源、埃及的古老神话、金字塔的时代、第三王朝的更迭者、埃及法老的世界等。 | |
| 607 | @a埃及@x历史@j通俗读物 | |
| 690 | @aK411.09@v5 | |
| 701 | 0 | @a杨凯@9yang kai@4编著 |
| 801 | 0 | @aCN@b91MARC@c20160109 |
| 905 | @aMuseLib@dK411.09@e9 | |
| 埃及故事/杨凯编著.-太原:山西教育出版社,2015 |
| 217页;22cm |
| 历史圈·国家系列 |
| ISBN 978-7-5440-7666-1:CNY18.00 |
| 本书“故事汇”形式梳理埃及往事,探析其中纷繁奥秘。内容包括:古埃及文明的起源、埃及的古老神话、金字塔的时代、第三王朝的更迭者、埃及法老的世界等。 |
| ● |
| 相关链接 |
|
|
|
|
正题名:埃及故事
索取号:K411.09/9
 
预约/预借
| 序号 | 登录号 | 条形码 | 馆藏地/架位号 | 状态 | 备注 |
| 1 | 1108838 | 211088384 | 第二样本阅览室/ [索取号:K411.09/9] | 在馆 | |
| 2 | 1108839 | 211088393 | 教育系资料室/ [索取号:K411.09/9] | 在馆 | |
| 3 | 1108840 | 211088400 | 教育系资料室/ [索取号:K411.09/9] | 在馆 | |
| 4 | 1108841 | 211088419 | 第二借阅区/ [索取号:K411.09/9] | 在馆 |